000 00810cam a2200253 i 4500
999 _c28889
_d28889
001 4107069
003 ARRUPE
005 20170607125145.0
008 760405s1976 nyuaf b 001 0 eng
010 _a 75014713
020 _c$18.50
040 _aDLC
_cDLC
_dDLC
043 _af-nr---
050 0 0 _aDT515.42
_b.I76 1976b
082 0 0 _a966.9/4/004963
100 1 _aIsichei, Elizabeth Allo.
_98973
245 1 2 _aA history of the Igbo people /
_cElizabeth Isichei.
260 _aNew York :
_bSt. Martin's Press,
_c1976.
300 _axiv, 303 p., [4] leaves of plates :
_bill. ;
_c23 cm.
500 _aIncludes index.
504 _aBibliography: p. [285]-292.
650 0 _aIgbo (African people)
_xHistory.
_932262
906 _a7
_bcbc
_corignew
_d2
_eocip
_f19
_gy-gencatlg
942 _2lcc
_cMONOGRAPH